00576nam a2200193 a 4500001001300000003000900013005001700022008004100039020002300080082001700103100002500120245007300145260005300218300000900271500003500280505001000315650003400325650002300359nice12345678IN_TiNIC20260116013131.0050524s1995 chia grp 000 0 eng  a0812691 c41400a291.175bMAT aMatthews, Clifford N aCosmic Beginnings and Human Endsb Where Sciences and Religion Meet. aChicago, LondonbOpen Court Publishing Co.c1995 a433p aincludes index and biblioraphy2 aIndex aReligion and Science-Congress aCosmology-Congress